A pálinka, mint hungaricum szerepe a magyar gasztronómiában
| Main Author: | |
|---|---|
| Other Authors: | |
| Format: | Final Paper |
| Kulcsszavak: | Pálinka, történet Pálinkafőzés Hungarikum Kapcsolat, gasztronómia, pálinka Fogyasztási szokás, pálinka Felmérés, kérdőíves |
| Online Access: | http://dolgozattar.uni-bge.hu/59380 |
MARC
| LEADER | 00000nta a2200000 i 4500 | ||
|---|---|---|---|
| 001 | dolg59380 | ||
| 005 | 20260114091719.0 | ||
| 008 | 260114suuuu hu o 000 hun d | ||
| 040 | |a BGE Dolgozattár Repozitórium |b hun | ||
| 041 | |a hu | ||
| 100 | 1 | |a Schnéberger Cintia | |
| 245 | 1 | 2 | |a A pálinka, mint hungaricum szerepe a magyar gasztronómiában |c Schnéberger Cintia |h [elektronikus dokumentum] |
| 516 | |a Final_paper | ||
| 695 | |a Pálinka, történet | ||
| 695 | |a Pálinkafőzés | ||
| 695 | |a Hungarikum | ||
| 695 | |a Kapcsolat, gasztronómia, pálinka | ||
| 695 | |a Fogyasztási szokás, pálinka | ||
| 695 | |a Felmérés, kérdőíves | ||
| 700 | 1 | |a Györe György |e ths | |
| 856 | 4 | 0 | |u http://dolgozattar.uni-bge.hu/59380/1/Schneberger-Cintia.pdf |z Dokumentum-elérés |